[Event "Sachsen-ch Seniors op"]
[Site "Dresden"]
[Date "2016.11.08"]
[Round "9"]
[White "Keusch, Horst"]
[Black "Schiessl, Hanns"]
[Result "1-0"]
[WhiteElo "1953"]
[BlackElo "1764"]
[PlyCount "79"]
[EventDate "2016.10.31"]
[EventType "swiss"]
[EventRounds "9"]
[EventCountry "GER"]
[SourceTitle "EXT 2019"]
[Source "ChessBase"]
[SourceDate "2018.10.10"]
[SourceVersion "1"]
[SourceVersionDate "2018.10.10"]
[SourceQuality "1"]

1. f4 d6 2. Nf3 Nc6 3. e4 Bg4 4. Bb5 Qd7 5. 0-0 e6 6. d4 a6 7. Ba4 b5 8. Bb3 Nf6 9. d5 Na5 10. dxe6 Bxe6 11. Bxe6 Qxe6 12. e5 dxe5 13. fxe5 Bc5+ 14. Kh1 Ng4 15. Ng5 Qd7 16. Qf3 0-0 17. h3 Nh6 18. Ne4 Be7 19. Bxh6 gxh6 20. Nbc3 Qe6 21. Nf6+ Bxf6 22. exf6 Kh8 23. Rae1 Qc6 24. Qh5 Rg8 25. Re2 Rg6 26. Qe5 Nc4 27. Qf4 Rag8 28. Rff2 Nxb2 29. Ne4 Nd1 30. Rf3 Qc4 31. Rd3 Nb2 32. Rdd2 Qxa2 33. Qxc7 Qe6 34. Nd6 Qxf6 35. Nxf7+ Kg7 36. Ne5+ Kh8 37. Nxg6+ Rxg6 38. Rf2 Qe6 39. Qc3+ Rg7 40. Rd8+ 1-0

[Event "Bayern-ch Seniors op 27th"]
[Site "Bergen"]
[Date "2015.06.15"]
[Round "8"]
[White "Schiessl, Hanns"]
[Black "Flockerzi, Armin"]
[Result "0-1"]
[WhiteElo "1423"]
[BlackElo "1605"]
[PlyCount "70"]
[EventDate "2015.06.15"]
[EventType "swiss"]
[EventRounds "9"]
[EventCountry "GER"]
[SourceTitle "EXT 2019"]
[Source "ChessBase"]
[SourceDate "2018.10.10"]
[SourceVersion "1"]
[SourceVersionDate "2018.10.10"]
[SourceQuality "1"]

1. e4 d6 2. d4 Nf6 3. Bd3 g6 4. Nf3 Bg7 5. c4 c6 6. Nc3 Qc7 7. h3 0-0 8. Bf4 Qb6 9. Rb1 Re8 10. 0-0 Nfd7 11. e5 dxe5 12. Nxe5 Qxd4 13. Nxd7 Qxf4 14. Ne2 Qd6 15. Nxb8 Rxb8 16. Qc2 b6 17. Be4 c5 18. Rfd1 Qc7 19. Qa4 Rf8 20. Rd3 e5 21. Nc3 a6 22. Nd5 Qa7 23. Rbd1 f5 24. Nb4 cxb4 25. Bc6 Qc7 26. Rd6 Bf6 27. Qb3 Kh8 28. Bd7 a5 29. Qd3 Rf7 30. Be8 Rf8 31. Rc6 Qe7 32. Bd7 Bxd7 33. Qxd7 Rbd8 34. Rc7 Rxd7 35. Rdxd7 Qxd7 0-1

[Event "Dresden ZMD op-C 21th"]
[Site "Dresden"]
[Date "2012.08.26"]
[Round "9"]
[White "Schubert, Bernhard"]
[Black "Schiessl, Hanns"]
[Result "0-1"]
[WhiteElo "1234"]
[BlackElo "1424"]
[PlyCount "88"]
[EventDate "2012.08.18"]
[EventType "swiss"]
[EventRounds "9"]
[EventCountry "GER"]
[SourceTitle "CBM 150 Extra"]
[Source "ChessBase"]
[SourceDate "2012.10.19"]
[SourceVersion "1"]
[SourceVersionDate "2012.10.19"]
[SourceQuality "1"]

1. e4 c6 2. Nc3 d5 3. exd5 cxd5 4. Bb5+ Bd7 5. Bxd7+ Qxd7 6. d4 e6 7. Nf3 Nc6 8. 0-0 Nf6 9. Bg5 Be7 10. Re1 0-0 11. h3 Rac8 12. a3 a6 13. Qd3 h6 14. Bf4 Nh5 15. Bd2 Qc7 16. Rad1 Bd6 17. Qe2 Nf6 18. Bc1 Rfe8 19. Qe3 e5 20. dxe5 Nxe5 21. Nxd5 Nxd5 22. Qd4 Nxf3+ 23. gxf3 Rxe1+ 24. Rxe1 Qd7 25. Rd1 Rxc2 26. Qxd5 Rxc1 27. Rxc1 Bh2+ 28. Kxh2 Qxd5 29. Rc8+ Kh7 30. Rc3 Qd2 31. Kg2 Qxb2 32. Rc7 Kg6 33. Rd7 b5 34. Rd6+ f6 35. Rxa6 Qa2 36. Ra5 Qb3 37. Ra6 Qc4 38. Rb6 Qc5 39. Ra6 Kf5 40. Ra5 Qb6 41. Ra8 Ke5 42. Re8+ Kd4 43. Re4+ Kc3 44. Re3+ Kb2 0-1

[Event "Dresden ZMD op-C 21th"]
[Site "Dresden"]
[Date "2012.08.20"]
[Round "3"]
[White "Schiessl, Hanns"]
[Black "Abdurakhimov, Peter"]
[Result "0-1"]
[WhiteElo "1424"]
[BlackElo "1601"]
[PlyCount "64"]
[EventDate "2012.08.18"]
[EventType "swiss"]
[EventRounds "9"]
[EventCountry "GER"]
[SourceTitle "CBM 150 Extra"]
[Source "ChessBase"]
[SourceDate "2012.10.19"]
[SourceVersion "1"]
[SourceVersionDate "2012.10.19"]
[SourceQuality "1"]

1. e4 c5 2. Nf3 e6 3. d4 cxd4 4. Nxd4 a6 5. a4 Nf6 6. Qd3 d6 7. Be2 b6 8. Be3 Bb7 9. Nc3 Nbd7 10. f3 Be7 11. 0-0 0-0 12. Nb3 Qc7 13. Nd2 d5 14. exd5 Ne5 15. Qd4 Bc5 16. Qf4 Nh5 17. d6 Nxf4 18. dxc7 Nxe2+ 19. Kf2 Nxc3 20. Bxc5 bxc5 21. bxc3 Rac8 22. Rab1 Rxc7 23. Rb2 Rd8 24. Ke3 Rxd2 25. Kxd2 Nc4+ 26. Kc1 Nxb2 27. Kxb2 Bc6 28. c4 Rb7+ 29. Kc3 Kf8 30. a5 Ke7 31. Re1 f6 32. Re3 Rb4 0-1

[Event "GER-ch Seniors"]
[Site "Dresden"]
[Date "2012.08.16"]
[Round "8"]
[White "Schiessl, Hanns"]
[Black "Jacob, Bernhard"]
[Result "1-0"]
[WhiteElo "1743"]
[BlackElo "1873"]
[PlyCount "103"]
[EventDate "2012.08.09"]
[EventType "swiss"]
[EventRounds "9"]
[EventCountry "GER"]
[SourceTitle "EXT 2014"]
[Source "ChessBase"]
[SourceDate "2013.11.20"]
[SourceVersion "1"]
[SourceVersionDate "2013.11.20"]
[SourceQuality "1"]

1. e4 d5 2. exd5 Qxd5 3. Nc3 Qa5 4. Bc4 Nf6 5. Nf3 e6 6. 0-0 Bd7 7. d4 Bd6 8. d5 0-0 9. Bg5 Nxd5 10. Nxd5 exd5 11. Bxd5 Nc6 12. c3 Rfe8 13. Be3 Rab8 14. Qb3 Be6 15. Bxe6 Rxe6 16. Rad1 Qh5 17. Rd5 Ne5 18. Nxe5 Rxe5 19. Rxe5 Qxe5 20. g3 b6 21. Rd1 Qe4 22. Rd4 Qb1+ 23. Kg2 Re8 24. Qa4 Re6 25. Qxa7 h6 26. Qa8+ Kh7 27. Qf3 Rf6 28. Qe4+ Qxe4+ 29. Rxe4 Kg6 30. Bd4 Rf5 31. Rg4+ Rg5 32. Rxg5+ hxg5 33. Kf3 f6 34. h3 Kh5 35. Ke4 Kg6 36. g4 Bf4 37. f3 Bc1 38. b4 Bd2 39. a4 c5 40. bxc5 bxc5 41. Bxc5 Bxc3 42. Bb6 Kf7 43. a5 Bxa5 44. Bxa5 Ke6 45. Be1 g6 46. h4 f5+ 47. gxf5+ gxf5+ 48. Ke3 gxh4 49. Bxh4 Ke5 50. Bg3+ Kf6 51. Kf4 Kg6 52. Bh4 1-0

[Event "GER-ch Seniors"]
[Site "Dresden"]
[Date "2012.08.11"]
[Round "3"]
[White "Luebbers, Doris"]
[Black "Schiessl, Hanns"]
[Result "1/2-1/2"]
[WhiteElo "1555"]
[BlackElo "1743"]
[PlyCount "93"]
[EventDate "2012.08.09"]
[EventType "swiss"]
[EventRounds "9"]
[EventCountry "GER"]
[SourceTitle "EXT 2014"]
[Source "ChessBase"]
[SourceDate "2013.11.20"]
[SourceVersion "1"]
[SourceVersionDate "2013.11.20"]
[SourceQuality "1"]

1. d4 Nf6 2. Nf3 g6 3. e3 Bg7 4. Bd3 0-0 5. Nbd2 d6 6. 0-0 Nbd7 7. c3 b6 8. e4 Bb7 9. Re1 e5 10. dxe5 dxe5 11. Nb3 Qe7 12. Bg5 Rad8 13. Qc2 Nc5 14. Nxc5 Qxc5 15. Be3 Qe7 16. Rad1 Rd6 17. Bg5 Qe6 18. Qb1 h6 19. Be3 Rfd8 20. Bc2 Rxd1 21. Rxd1 Rxd1+ 22. Qxd1 Bxe4 23. Bxe4 Nxe4 24. a3 Nd6 25. Qc2 Qa2 26. Bc1 Nc4 27. Ne1 Nd6 28. g3 Qd5 29. Qd3 Qxd3 30. Nxd3 f5 31. f3 Kf7 32. Kf2 Ke6 33. Nb4 c5 34. Nd3 Kd5 35. b3 g5 36. Be3 e4 37. c4+ Kc6 38. Ne1 Bd4 39. f4 g4 40. a4 a6 41. Nc2 Bxe3+ 42. Nxe3 b5 43. axb5+ axb5 44. Ke2 bxc4 45. bxc4 Kb6 46. Kd2 Kc6 47. Kc2 1/2-1/2

[Event "GER-ch Seniors"]
[Site "Dresden"]
[Date "2012.08.09"]
[Round "1"]
[White "Peter, Volkhard"]
[Black "Schiessl, Hanns"]
[Result "1-0"]
[WhiteElo "1776"]
[BlackElo "1743"]
[PlyCount "52"]
[EventDate "2012.08.09"]
[EventType "swiss"]
[EventRounds "9"]
[EventCountry "GER"]
[SourceTitle "EXT 2014"]
[Source "ChessBase"]
[SourceDate "2013.11.20"]
[SourceVersion "1"]
[SourceVersionDate "2013.11.20"]
[SourceQuality "1"]

1. e4 c6 2. d4 d5 3. exd5 cxd5 4. c4 Nf6 5. Nf3 Nc6 6. Nc3 Bg4 7. Be3 e5 8. dxe5 Nxe5 9. Qa4+ Bd7 10. Qb3 dxc4 11. Bxc4 Nxc4 12. Qxc4 Be7 13. Rd1 0-0 14. Ne5 Be6 15. Rxd8 Bxc4 16. Rxf8+ Kxf8 17. Nxc4 Rc8 18. Nd2 Bb4 19. Bd4 Bxc3 20. bxc3 Nd5 21. Nb1 Nf4 22. Kd2 b5 23. a3 a5 24. g3 Ne6 25. Rc1 Rc4 26. Kd3 Ng5 1-0

[Event "Dresden ZMDI Blitz"]
[Site "Dresden"]
[Date "2011.08.11"]
[Round "6"]
[White "Schiessl, Hanns"]
[Black "Bohne, Alexander"]
[Result "0-1"]
[WhiteElo "1446"]
[BlackElo "1767"]
[PlyCount "94"]
[EventDate "2011.08.06"]
[EventType "swiss (blitz)"]
[EventRounds "9"]
[EventCountry "GER"]
[SourceTitle "EXT 2022"]
[Source "ChessBase"]
[SourceDate "2021.10.06"]
[SourceVersion "1"]
[SourceVersionDate "2021.10.06"]
[SourceQuality "1"]

1. e4 c6 2. d4 d5 3. e5 Bf5 4. Nf3 e6 5. Bd3 Bxd3 6. Qxd3 Nd7 7. b3 Nb6 8. Be3 Ne7 9. Nbd2 Nf5 10. Bf4 Be7 11. 0-0 0-0 12. c4 dxc4 13. Nxc4 Nd5 14. Bd2 Nh4 15. Rad1 Nxf3+ 16. Qxf3 Qd7 17. Qg3 Rfd8 18. Bh6 g6 19. h4 b5 20. Ne3 Bf8 21. Bg5 Be7 22. Bh6 Nc3 23. Qg4 Nxd1 24. Rxd1 f5 25. Qg3 Qe8 26. h5 Bf8 27. Bg5 Rd7 28. Bf6 Bg7 29. hxg6 Qxg6 30. Qxg6 hxg6 31. Bg5 Kh7 32. Nc2 Bh6 33. Bxh6 Kxh6 34. Kf1 Rc8 35. Ke2 a5 36. Ke3 c5 37. Rh1+ Kg7 38. dxc5 Rxc5 39. Na3 Rxe5+ 40. Kf4 Re4+ 41. Kg3 Rd5 42. Rc1 Re2 43. Nb1 Rd3+ 44. f3 b4 45. a3 Rxb3 46. axb4 axb4 47. Rd1 Rbb2 0-1

[Event "Leutersdorf Sparkasse op 15th"]
[Site "Leutersdorf"]
[Date "2011.02.19"]
[Round "4"]
[White "Gross, Thomas"]
[Black "Schiessl, Hanns"]
[Result "1-0"]
[WhiteElo "2014"]
[BlackElo "1751"]
[PlyCount "53"]
[EventDate "2011.02.18"]
[EventType "swiss"]
[EventRounds "7"]
[EventCountry "GER"]
[SourceTitle "CBM 141 Extra"]
[Source "ChessBase"]
[SourceDate "2011.05.03"]
[SourceVersion "1"]
[SourceVersionDate "2011.05.03"]
[SourceQuality "1"]

1. e4 c6 2. Nc3 d5 3. Qf3 Qd6 4. exd5 Nf6 5. dxc6 Bg4 6. Qe3 Nxc6 7. Bb5 a6 8. Bxc6+ Qxc6 9. f3 Bf5 10. Nge2 e6 11. Nd4 Bc5 12. Nxc6 Bxe3 13. dxe3 bxc6 14. e4 Bg6 15. Bg5 Nd7 16. 0-0-0 f6 17. Be3 Ke7 18. Rd2 Rhd8 19. Rhd1 Be8 20. Na4 Kf7 21. Nc5 Ra7 22. Nxe6 Kxe6 23. Bxa7 Rc8 24. Bf2 Ne5 25. b3 a5 26. Rd8 Bd7 27. R1xd7 1-0

[Event "Leutersdorf Sparkasse op 15th"]
[Site "Leutersdorf"]
[Date "2011.02.19"]
[Round "2"]
[White "Schiessl, Hanns"]
[Black "Arnhold, Albrecht"]
[Result "0-1"]
[WhiteElo "1751"]
[BlackElo "2016"]
[PlyCount "58"]
[EventDate "2011.02.18"]
[EventType "swiss"]
[EventRounds "7"]
[EventCountry "GER"]
[SourceTitle "CBM 141 Extra"]
[Source "ChessBase"]
[SourceDate "2011.05.03"]
[SourceVersion "1"]
[SourceVersionDate "2011.05.03"]
[SourceQuality "1"]

1. e4 c5 2. Nf3 Nc6 3. Bb5 g6 4. Bxc6 bxc6 5. 0-0 Bg7 6. c3 Nf6 7. e5 Nd5 8. d4 cxd4 9. cxd4 Ba6 10. Re1 Nb4 11. Qa4 Qb6 12. Re3 Nd3 13. Na3 Nxc1 14. Rxc1 Bb5 15. Nc4 Bxa4 16. Nxb6 axb6 17. Ra3 0-0 18. b3 Bb5 19. Rxa8 Rxa8 20. a4 Be2 21. Ne1 Bh6 22. Rc2 Bd1 23. Rb2 Bg4 24. Rb1 Be6 25. Nd3 Bxb3 26. a5 d6 27. Nb4 dxe5 28. Nxc6 exd4 29. Nxd4 Bg7 0-1

[Event "Leutersdorf Sparkasse op 13th"]
[Site "Leutersdorf"]
[Date "2009.02.14"]
[Round "5"]
[White "Schiessl, Hanns"]
[Black "Langer, Stefan"]
[Result "0-1"]
[WhiteElo "1826"]
[BlackElo "1519"]
[PlyCount "46"]
[EventDate "2009.02.13"]
[EventType "swiss"]
[EventRounds "7"]
[EventCountry "GER"]
[SourceTitle "CBM 128 Extra"]
[Source "ChessBase"]
[SourceDate "2009.03.05"]
[SourceVersion "2"]
[SourceVersionDate "2009.03.25"]
[SourceQuality "1"]

1. e4 e5 2. Nf3 Nc6 3. Bb5 Nf6 4. Bxc6 dxc6 5. 0-0 Bg4 6. h3 Bh5 7. g4 Bg6 8. Nxe5 Qd4 9. Nf3 Qb6 10. Nc3 0-0-0 11. d3 Nxe4 12. Na4 Qa5 13. b3 b5 14. Nb2 Bc5 15. Qe2 Nc3 16. Qe5 Bd6 17. Qxg7 h5 18. g5 Ne2+ 19. Kh1 Bb4 20. Ne5 Bc3 21. Nxc6 Qb6 22. Ne7+ Kb7 23. Be3 Qe6 0-1

[Event "Leutersdorf Sparkasse op 13th"]
[Site "Leutersdorf"]
[Date "2009.02.13"]
[Round "2"]
[White "Roessler, Frank Peter"]
[Black "Schiessl, Hanns"]
[Result "1-0"]
[WhiteElo "2058"]
[BlackElo "1826"]
[PlyCount "73"]
[EventDate "2009.02.13"]
[EventType "swiss"]
[EventRounds "7"]
[EventCountry "GER"]
[SourceTitle "CBM 128 Extra"]
[Source "ChessBase"]
[SourceDate "2009.03.05"]
[SourceVersion "2"]
[SourceVersionDate "2009.03.25"]
[SourceQuality "1"]

1. f4 d5 2. Nf3 Nf6 3. e3 c5 4. b3 g6 5. Bb2 Bg7 6. Bb5+ Bd7 7. a4 a6 8. Bxd7+ Nbxd7 9. 0-0 0-0 10. Qe1 Qc7 11. d3 Ng4 12. Bxg7 Kxg7 13. Nbd2 e5 14. h3 Ngf6 15. fxe5 Nxe5 16. Qh4 h6 17. Rf2 a5 18. Raf1 Ra6 19. d4 cxd4 20. Qxd4 Ned7 21. c4 Qb6 22. g4 Re8 23. g5 hxg5 24. Nxg5 Qxd4 25. exd4 Re7 26. c5 Kh6 27. h4 Ra8 28. Rb1 Rf8 29. b4 Ne4 30. Ngxe4 dxe4 31. Nc4 e3 32. Re2 Re4 33. Nxa5 Rb8 34. Nc4 Rxd4 35. Nxe3 Re8 36. Nf5+ gxf5 37. Rxe8 1-0

[Event "Leutersdorf Muench Braeu op 14th"]
[Site "Leutersdorf"]
[Date "2009.02.11"]
[Round "8"]
[White "Roessler, Frank Peter"]
[Black "Schiessl, Hanns"]
[Result "1-0"]
[WhiteElo "2058"]
[BlackElo "1826"]
[PlyCount "59"]
[EventDate "2009.02.07"]
[EventType "swiss"]
[EventRounds "9"]
[EventCountry "GER"]
[SourceTitle "CBM 128 Extra"]
[Source "ChessBase"]
[SourceDate "2009.03.05"]
[SourceVersion "2"]
[SourceVersionDate "2009.03.25"]
[SourceQuality "1"]

1. f4 d5 2. Nf3 g6 3. e3 Bg7 4. Be2 Nf6 5. 0-0 0-0 6. d3 c5 7. Qe1 Bg4 8. Qh4 h6 9. Nc3 Nc6 10. a3 Re8 11. e4 dxe4 12. dxe4 Nd4 13. Bd1 Nxf3+ 14. Bxf3 Bxf3 15. Rxf3 Nxe4 16. Nxe4 Qd4+ 17. Nf2 Qc4 18. c3 e5 19. Be3 Re6 20. Rf1 h5 21. Qh3 Qe2 22. f5 Rd6 23. Bxc5 Rd2 24. fxg6 fxg6 25. Qe6+ Kh7 26. Re3 Qb5 27. Ne4 Bh6 28. Rf7+ Bg7 29. Rxg7+ Kxg7 30. Qxe5+ 1-0

[Event "Leutersdorf Muench Braeu op 14th"]
[Site "Leutersdorf"]
[Date "2009.02.11"]
[Round "7"]
[White "Schiessl, Hanns"]
[Black "Byhan, Gert"]
[Result "0-1"]
[WhiteElo "1826"]
[BlackElo "2023"]
[PlyCount "54"]
[EventDate "2009.02.07"]
[EventType "swiss"]
[EventRounds "9"]
[EventCountry "GER"]
[SourceTitle "CBM 128 Extra"]
[Source "ChessBase"]
[SourceDate "2009.03.05"]
[SourceVersion "2"]
[SourceVersionDate "2009.03.25"]
[SourceQuality "1"]

1. e4 c5 2. Nf3 Nc6 3. d4 cxd4 4. Nxd4 Qb6 5. Nb3 Nf6 6. Nc3 e6 7. Be3 Qc7 8. Qd2 Bb4 9. f3 d5 10. 0-0-0 dxe4 11. a3 Bxc3 12. Qxc3 0-0 13. Nd4 a6 14. Nxc6 Qxc6 15. Qxc6 bxc6 16. fxe4 Bb7 17. Bc5 Rfd8 18. Bd3 Rd7 19. h3 a5 20. Rd2 Ba6 21. c4 Rad8 22. Bb6 Nxe4 23. Rdd1 Nf2 24. Bxd8 Nxd3+ 25. Kc2 Bxc4 26. Kc3 Rxd8 27. Kxc4 Nxb2+ 0-1